Flame spectroscopy (Record no. 2593)

MARC details
000 -LEADER
fixed length control field 00488nam a2200181Ia 4500
003 - CONTROL NUMBER IDENTIFIER
control field IN-BaIIA
008 - FIXED-LENGTH DATA ELEMENTS--GENERAL INFORMATION
fixed length control field 211028s9999 xx 000 0 eng d
040 ## - CATALOGING SOURCE
Transcribing agency IIA Library
080 ## - UNIVERSAL DECIMAL CLASSIFICATION NUMBER
Universal Decimal Classification number 535.33
Item number MAV
100 ## - MAIN ENTRY--PERSONAL NAME
Personal name Mavrodineanu, Radu
9 (RLIN) 4606
245 #0 - TITLE STATEMENT
Title Flame spectroscopy
Statement of responsibility, etc. Radu Mavrodineanu
260 ## - PUBLICATION, DISTRIBUTION, ETC.
Place of publication, distribution, etc. New York
Name of publisher, distributor, etc. John Wiley & Sons
Date of publication, distribution, etc. 1965
300 ## - PHYSICAL DESCRIPTION
Extent xiv,721p.
650 ## - SUBJECT ADDED ENTRY--TOPICAL TERM
Topical term or geographic name entry element Flame spectra
9 (RLIN) 4607
650 ## - SUBJECT ADDED ENTRY--TOPICAL TERM
Topical term or geographic name entry element Flame Spectroscopy
9 (RLIN) 4608
700 ## - ADDED ENTRY--PERSONAL NAME
Personal name Boiteux, Henri
9 (RLIN) 4609
942 ## - ADDED ENTRY ELEMENTS (KOHA)
Koha item type Books
Holdings
Withdrawn status Lost status Damaged status Not for loan Home library Current library Shelving location Date acquired Cost, normal purchase price Total Checkouts Full call number Barcode Date last seen Cost, replacement price Price effective from Koha item type Purchase Price
        IIA Library-Bangalore IIA Library-Bangalore General Stacks 30/03/1966 189.00   535.33/ MAV 2896 05/11/2021 189.00 30/03/1966 Books Rs. 189

Powered by Koha